Corporate information strategy and management : (Record no. 87666)

MARC details
000 -LEADER
fixed length control field 01061nam a22002897a 4500
005 - DATE AND TIME OF LATEST TRANSACTION
control field 20140825163931.0
010 ## - LCCN (DPL NO)
LC control number ENG-110622
020 ## - INTERNATIONAL STANDARD BOOK NUMBER
Terms of availability 799.00
International Standard Book Number 9789339205805
020 ## - INTERNATIONAL STANDARD BOOK NUMBER
Terms of availability 799.00
International Standard Book Number 9339205804
035 ## - SYSTEM CONTROL NUMBER
System control number EN-94154
037 ## - SOURCE OF ACQUISITION
Source of stock number/acquisition DBAD/PUB
082 ## - DEWEY DECIMAL CLASSIFICATION NUMBER
Classification number 658.4038011
100 ## - MAIN ENTRY--PERSONAL NAME
Personal name Applegate, Lynda M.
245 ## - TITLE STATEMENT
Title Corporate information strategy and management :
Remainder of title text and cases /
Statement of responsibility, etc by Lynda M. Applegate,Robert D. Austin [and] Deborah L. Soule
250 ## - EDITION STATEMENT
Edition statement 8th ed
260 ## - PUBLICATION, DISTRIBUTION, ETC. (IMPRINT)
Place of publication, distribution, etc New Delhi
Name of publisher, distributor, etc McGraw Hill Education
Date of publication, distribution, etc 2014
270 ## - ADDRESS
Address P-24, Green Park Extn.
City New Delhi
Postal code 110016
300 ## - PHYSICAL DESCRIPTION
Extent xi,513p. :
Dimensions 25cm(pbk)
Other physical details ill.,maps
500 ## - GENERAL NOTE
General note Includes bibliographical references (p. 495-498) and index.
650 ## - SUBJECT ADDED ENTRY--TOPICAL TERM
Topical term or geographic name as entry element Information technology
General subdivision Management.
650 ## - SUBJECT ADDED ENTRY--TOPICAL TERM
Topical term or geographic name as entry element Management information systems.
650 ## - SUBJECT ADDED ENTRY--TOPICAL TERM
Topical term or geographic name as entry element Information resources management.
650 ## - SUBJECT ADDED ENTRY--TOPICAL TERM
Topical term or geographic name as entry element Information technology
General subdivision Management
Form subdivision Case studies.
700 ## - ADDED ENTRY--PERSONAL NAME
Personal name Austin, Robert D.
700 ## - ADDED ENTRY--PERSONAL NAME
Personal name Soule, Deborah L.
942 ## - ADDED ENTRY ELEMENTS (KOHA)
Source of classification or shelving scheme Dewey Decimal Classification
Item type English Books
Call number suffix APP
Classification part 658.4038011
Holdings
Withdrawn status Lost status Not for loan Collection code Home library Current library Date acquired Source of acquisition Cost, normal purchase price Full call number Barcode Copy number Cost, replacement price Koha item type
    Not For Loan Non-fiction D.B.Act.Division D.B.Act.Division 07/08/2014 DBAD/PUB 799.00 658.4038011 APP EN-94154 1 799.00 English Books

© Delhi Public Library
Hit Counter
free hit counter